000 00464nam a2200169Ia 4500
003 GCL
008 140319s9999 xx 000 0 ara d
040 _aGCL /
_cGCL
082 0 4 _a361.4
_bم ح
100 1 _aمحمد فتحى
245 1 0 _aحركات الشباب الاجتماعية /
_cمحمد فتحى
300 _a248
490 _aالالف كتاب
_v0
650 0 4 _aالخدمة الاجتماعية
650 0 4 _aالاجتماع
942 _2ddc
_cBK
999 _c43793
_d43793